=LDR 00000nam 2200000 4500 =001 000566 =005 20250711125008 =035 ##$$a 0010-0725000434 =007 ta =008 250711################a##########0#ind## =020 ##$$a 978-623-307-405-6 =082 ##$$a 398.209 598 =084 ##$$a 398.209 598 REE b =100 #$$a Reena I. Putri =245 1#$$a Burung kecil yang selalu cemberut =250 ##$$a Cetakan pertama =260 ##$$a Rawamangun :$b Badan pengembangan dan pembinaan bahasa,$c 2022 =300 ##$$a 20 hlm. : $b Ilus. ; $c 29cm =650 #4$$a Cerita anak indonesia-terjemahan =700 #$$a Reena I. Putri =990 ##$$a TBM03270327